000 00759nam a2200241Ia 4500
003 OSt
005 20220923214308.0
006 a|||||r|||| 00| 0
007 ta
008 220922b |||||||| |||| 00| 0 hin d
024 _a168,523
037 _cTextual
040 _aARTS
_cARTS
_bhin
041 _2hin
_ahin
082 _aO152,1I80:g(S:55), L3
100 _aबिल्लोरे, राम चन्द
245 0 _aजायसी की प्रेम साधना
246 _aJāyasī kī prem sādhanā
260 _c1973
650 _aहिन्दी साहित्य
_9156264
942 _hO152,1I80:g(S:55), L3
_cTEXL
_2CC
999 _c322990
_d322990